Acontecimiento, sentido y referencia. Claves para comprender la experiencia de los sujetos en procesos globales (Record no. 169169)
[ view plain ]
| 000 -CABECERA | |
|---|---|
| campo de control de longitud fija | 01011nab a2200277 a 4500 |
| 005 - FECHA Y HORA DE LA ÚLTIMA TRANSACCIÓN | |
| campo de control | 20210219162050.0 |
| 008 - ELEMENTOS DE LONGITUD FIJA--INFORMACIÓN GENERAL | |
| campo de control de longitud fija | 991125s1985 mx 000 0 spa u |
| 035 ## - NÚMERO DE CONTROL DEL SISTEMA | |
| Número de control de sistema | UPN01000197068 |
| 049 ## - COLECCIÓN | |
| Colección | ART |
| 100 1# - ASIENTO PRINCIPAL--NOMBRE PERSONAL | |
| Nombre de persona | Cerda García, Alejandro |
| 100 1# - ASIENTO PRINCIPAL--NOMBRE PERSONAL | |
| Filiación | acerda@correo.xoc.uam.mx |
| 222 ## - TÍTULO CLAVE | |
| Título clave | ARGUMENTOS : |
| Información calificativa | ESTUDIOS CRITICOS DE LA SOCIEDAD |
| 245 ## - MENCIÓN DE TÍTULO | |
| Título | Acontecimiento, sentido y referencia. Claves para comprender la experiencia de los sujetos en procesos globales |
| 260 ## - PUBLICACIÓN, DISTRIBUCIÓN, ETC. | |
| Lugar de publicación, distribución, etc. | México |
| 300 ## - DESCRIPCIÓN FÍSICA | |
| Extensión | 29-47 |
| 362 0# - FECHAS DE PUBLICACIÓN Y/O DESIGNACIÓN SECUENCIAL | |
| Fecha de publicación y/o designación secuencial | 2009 Año 22, no. 61, sept.-dic. |
| 653 0# - TERMINO DE INDIZACION - NO CONTROLADO | |
| Término no controlado | SUBJETIVIDAD |
| 653 0# - TERMINO DE INDIZACION - NO CONTROLADO | |
| Término no controlado | EXPERIENCIA |
| 653 0# - TERMINO DE INDIZACION - NO CONTROLADO | |
| Término no controlado | INTERPRETACION |
| 700 1# - ASIENTO SECUNDARIO--NOMBRE DE PERSONAL | |
| Nombre de persona | Chapela Mendoza, María del Consuelo, |
| Término indicativo de función/relación | coaut. |
| 700 1# - ASIENTO SECUNDARIO--NOMBRE DE PERSONAL | |
| Filiación | conich@correo.xoc.uam.mx |
| 700 1# - ASIENTO SECUNDARIO--NOMBRE DE PERSONAL | |
| Nombre de persona | Jarillo Soto, Edgar Carlos, |
| Término indicativo de función/relación | coaut. |
| 700 1# - ASIENTO SECUNDARIO--NOMBRE DE PERSONAL | |
| Filiación | jsec6322@correo.xoc.uam.mx |
| 856 ## - LOCALIZACIÓN Y ACCESO ELECTRÓNICOS | |
| Identificador Uniforme del Recurso | <a href="http://argumentos.xoc.uam.mx/BUSQUEDA.php?indice=AUTOR&terminos=Cerda%20Garc%C3%ADa,%20Alejandro&pagina=1&indice_resultados=0">http://argumentos.xoc.uam.mx/BUSQUEDA.php?indice=AUTOR&terminos=Cerda%20Garc%C3%ADa,%20Alejandro&pagina=1&indice_resultados=0</a> |
| 905 ## - TIPO DE MATERIAL | |
| Tipo de material | Articulo |
No items available.
